London A-Z - Statistics

General Stats
  • This quiz has been taken 37 times
  • The average score is 17 of 26
Answer Stats
Hint Answer % Correct
H London's largest airport Heathrow
97%
Y London's Metropolitan Police Headquarters is referred to as Scotland ___ Yard
97%
B Great Clock tower of Westminster Big Ben
94%
C Stamford bridge is the home ground of this football club Chelsea
94%
E World's largest cantilevered observation wheel is the London ____ Eye
94%
P Vibrant junction with an anteros statue is known as ________ circus Piccadilly
94%
W Only Grand Slam tournament played on grass courts Wimbledon
94%
S The tallest building in London is the _____ Shard
90%
T London underground simply known as Tube
90%
G London region, home to the Royal Observatory Greenwich
81%
N One of the three major museums is the ________ history museum Natural
77%
O This street is the busiest one in the whole Europe Oxford
77%
V White marble monument in front of Buckingham Palace honors this Queen Victoria
74%
J Which London Underground line is grey in theme Jubilee
71%
Q Promenade along the south bank of the Thames is called ______ walk Queen's
71%
X Royal London Hospital was the first in the city to use this imaging technology X-Ray
68%
D Author of Robinson Crusoe Defoe
65%
F Epping is the largest _____ in London Forest
65%
L Oldest cricket stadium in the world Lord's
55%
K Named after a medieval crossing, now where London’s elite cross to shop Knightsbridge
45%
A Gothic monument in Kensington Gardens is dedicated to him Albert
42%
U First London university to admit students regardless of background UCL
35%
I College founded in 1907 to serve the British Empire’s scientific ambitions Imperial
32%
R Largest park in London Richmond
29%
Z London based architect who was the first woman to win the Pritzker Prize Zaha
10%
M Roman temple hidden beneath London's streets Mithraeum
3%
No matching quizzes found
Score Distribution
Percent of People with Each Score
Percentile by Number Answered
Your Score History
You have not taken this quiz